Nouvelles du temps et de l'espace /

Bibliographic Details
Main Author: Gennari, Geneviève
Format: Book
Language:French
Published: [Ottawa] : Le Cercle du livre de France, [publisher not identified] ; [1965]

MARC

Tag First Indicator Second Indicator Subfields
LEADER 00000cam a2200000 i 4500
001 in00000029997
005 20151007054838.0
008 770823s1965 onc 00000 fre d
035 |a (OCoLC)03212547 
035 |9 AAB6409AM 
040 |a KKU  |c KKU  |d m/c  |d TXA  |d UtOrBLW 
049 |a TXAM  |c [A10008675] 
050 4 |a PQ2613.E632  |b N62 1965 
100 1 |a Gennari, Geneviève. 
245 1 0 |a Nouvelles du temps et de l'espace /  |c Geneviève Gennari. 
264 1 |a [Ottawa] : Le Cercle du livre de France,  |b [publisher not identified] ;  |c [1965] 
264 4 |c ©1965 
300 |a 189 pages ;  |c 20 cm. 
336 |a text  |b txt  |2 rdacontent 
337 |a unmediated  |b n  |2 rdamedia 
338 |a volume  |b nc  |2 rdacarrier 
505 0 |a La mort en Cornouaille.--L'hélicoptère de papa.--Le dernier tour.--Le dernier train.--Le dernier pape. 
999 |a MARS 
999 f f |s 403a8207-b247-30f7-9998-432a1e643edf  |i 709c9454-8f38-3a65-9f24-ad54623e7953  |t 0 
952 f f |p ric  |a Texas A&M University  |b Rellis Campus  |c Joint Library Facility  |d Remote Storage  |t 0  |e PQ2613.E632 N62 1965  |h Library of Congress classification  |i unmediated -- volume  |m A14810008675 
998 f f |a PQ2613.E632 N62 1965  |t 0  |l Remote Storage